| 000 | 00606nam a22001937a 4500 | ||
|---|---|---|---|
| 003 | koha_MIRAKIL | ||
| 005 | 20260415105429.0 | ||
| 008 | 260415b tur||||| |||| 00| 0 tur d | ||
| 020 | _a9786052851432 | ||
| 040 |
_aTR-IsEVY _btur _cTR-IsEVY |
||
| 082 | _aFIC ÖZT/K | ||
| 100 | _aÖztürk, Güzin | ||
| 245 | 0 |
_aKayıp kapının anahtarı / _cGüzin Öztürk ; resimleyen Hazar Ata. |
|
| 260 |
_aİzmir : _bTudem, _c2019. |
||
| 300 |
_a143 s. : _brenkli resimli ; _c19 cm. |
||
| 650 |
_aÇocuk Edebiyatı. _vÇocuk Hikayeleri. _vFarklılıklar. |
||
| 700 | 1 |
_aAta, Hazar. _cresimleyen. |
|
| 942 |
_2ddc _cBK |
||
| 999 |
_c23487 _d23487 |
||